WNBA Rosters 2024 - Statistics

General Stats
  • This quiz has been taken 370 times
    59 since last reset
  • The average score is 57 of 155
Answer Stats
Team Position Answer % Correct
INDIANA FEVER PG Caitlin Clark
92%
LAS VEGAS ACES PF Alysha Clark
88%
LAS VEGAS ACES C A'ja Wilson
85%
NEW YORK LIBERTY SG Sabrina Ionescu
83%
NEW YORK LIBERTY PF Breanna Stewart
81%
INDIANA FEVER C Aliyah Boston
79%
CHICAGO SKY PF Angele Reese
77%
INDIANA FEVER PF NaLyssa Smith
77%
MINNESOTA LYNX PF Napheesa Collier
77%
MINNESOTA LYNX C Alanna Smith
75%
LOS ANGELES SPARKS PF Cameron Brink
75%
MINNESOTA LYNX PG Courtney Williams
75%
SEATTLE STORM SF Gabby Williams
75%
LAS VEGAS ACES PG Kelsey Plum
75%
SEATTLE STORM PG Skylar Diggins-Smith
75%
PHOENIX MERCURY C Brittney Griner
73%
NEW YORK LIBERTY C Jonquel Jones
73%
PHOENIX MERCURY SF Sophie Cunningham
73%
CONNECTICUT SUN PF Brionna Jones
71%
LAS VEGAS ACES PG Chelsea Gray
71%
INDIANA FEVER SG Kelsey Mitchell
71%
ATLANTA DREAM SG Allisha Gray
69%
CHICAGO SKY PF Elizabeth Williams
69%
ATLANTA DREAM SG Haley Jones
69%
CONNECTICUT SUN PF Alyssa Thomas
65%
INDIANA FEVER SG Lexie Hull
65%
CONNECTICUT SUN PG Tiffany Mitchell
65%
LAS VEGAS ACES SG Jackie Young
63%
CONNECTICUT SUN SG Marina Mabrey
63%
CONNECTICUT SUN SF DeWanna Bonner
62%
LAS VEGAS ACES SG Kate Martin
62%
PHOENIX MERCURY PG Natasha Cloud
62%
ATLANTA DREAM SG Rhyne Howard
62%
DALLAS WINGS PF Satou Sabally
62%
NEW YORK LIBERTY PG Courtney Vandersloot
60%
LOS ANGELES SPARKS SF Dearica Hamby
60%
PHOENIX MERCURY SG Diana Taurasi
60%
DALLAS WINGS SG Natasha Howard
60%
ATLANTA DREAM C Tina Charles
60%
CONNECTICUT SUN SF DiJonai Carrington
58%
CHICAGO SKY C Kamila Cardoso
58%
NEW YORK LIBERTY C Nyara Sabally
58%
WASHINGTON MYSTICS PG Brittney Sykes
56%
LOS ANGELES SPARKS SF Rickea Jackson
56%
DALLAS WINGS PG Arike Ogunbowale
54%
MINNESOTA LYNX SG Kayla McBride
54%
MINNESOTA LYNX SF Bridget Carleton
50%
SEATTLE STORM PF Nneka Ogwumike
50%
PHOENIX MERCURY SF Kahleah Copper
48%
CONNECTICUT SUN PG Tyasha Harris
48%
WASHINGTON MYSTICS SF Aaliyah Edwards
46%
ATLANTA DREAM PG Jordin Canada
46%
MINNESOTA LYNX SF Myish Hines-Allen
44%
WASHINGTON MYSTICS C Stefanie Dolson
44%
CHICAGO SKY SF Isabelle Harrison
42%
DALLAS WINGS C Kalani Brown
42%
INDIANA FEVER SF Katie Lou Samuelson
42%
LOS ANGELES SPARKS PG Lexie Brown
42%
MINNESOTA LYNX PG Narisha Hiedeman
42%
LAS VEGAS ACES SG Tiffany Hayes
42%
DALLAS WINGS SF Jaelyn Brown
40%
WASHINGTON MYSTICS SG Karlie Samuelson
40%
LAS VEGAS ACES SF Kierstan Bell
40%
CHICAGO SKY PG Lindsey Allen
40%
SEATTLE STORM PG Nika Mühl
40%
PHOENIX MERCURY PG Rebecca Allen
40%
WASHINGTON MYSTICS PF Shakira Austin
40%
LAS VEGAS ACES PG Sydney Colson
40%
INDIANA FEVER SG Erica Wheeler
38%
CONNECTICUT SUN COACH Stephanie White
38%
WASHINGTON MYSTICS PG Ariel Atkins
37%
LAS VEGAS ACES C Kiah Stokes
37%
NEW YORK LIBERTY PF Leonie Fiebich
37%
SEATTLE STORM PG Jewell Loyd
35%
WASHINGTON MYSTICS PG Julie Vanloo
35%
DALLAS WINGS SF Maddie Siegrist
35%
LOS ANGELES SPARKS C Li Yueru
33%
LOS ANGELES SPARKS SF Rae Burrell
33%
CONNECTICUT SUN PG Veronica Burton
33%
LOS ANGELES SPARKS C Azura Stevens
31%
LAS VEGAS ACES COACH Becky Hammon
31%
CHICAGO SKY PG Dana Evans
31%
NEW YORK LIBERTY SG Kennedy Burke
31%
CONNECTICUT SUN C Olivia Nelson-Ododa
31%
CHICAGO SKY SG Rachelle Banham
31%
CHICAGO SKY PG Chennedy Carter
29%
ATLANTA DREAM PF Cheyenne Parker
29%
MINNESOTA LYNX SF Diamond Miller
29%
WASHINGTON MYSTICS SF Emily Engstler
29%
SEATTLE STORM PF Ezi Magbegor
29%
LAS VEGAS ACES C Megan Gustafson
29%
NEW YORK LIBERTY PG Betnijah Laney-Hamilton
27%
DALLAS WINGS PG Jacy Sheldon
27%
NEW YORK LIBERTY SF Kayla Thorton
27%
LOS ANGELES SPARKS SG Kia Nurse
27%
ATLANTA DREAM SF Naz Hillmon
27%
ATLANTA DREAM SF Nia Coffey
27%
INDIANA FEVER PG Grace Berger
25%
WASHINGTON MYSTICS PG Sug Sutton
25%
INDIANA FEVER PF Damiris Dantas
23%
WASHINGTON MYSTICS PG Jade Melbourne
23%
DALLAS WINGS C Teaira McCowan
23%
INDIANA FEVER C Temi Fagbenle
23%
LOS ANGELES SPARKS PG Aari McDonald
21%
PHOENIX MERCURY PF Natasha Mack
21%
NEW YORK LIBERTY COACH Sandy Brondello
21%
MINNESOTA LYNX SF Alissa Pili
19%
MINNESOTA LYNX COACH Cheryl Reeve
19%
MINNESOTA LYNX PF Dorka Juhász
19%
CHICAGO SKY SF Kaela Davis
19%
NEW YORK LIBERTY SG Marquesha Davis
19%
ATLANTA DREAM SF Maya Caldwell
19%
CHICAGO SKY PF Michaela Onyenwere
19%
PHOENIX MERCURY SF Monique Billings
19%
SEATTLE STORM SG Sami Whitcomb
19%
NEW YORK LIBERTY SG Jaylyn Sherrod
15%
SEATTLE STORM SG Jordan Horston
15%
INDIANA FEVER PG Kristy Wallace
15%
ATLANTA DREAM PF Laeticia Amihere
15%
CHICAGO SKY SF Brianna Turner
13%
PHOENIX MERCURY SG Celeste Taylor
13%
CHICAGO SKY SG Diamond DeShields
13%
LOS ANGELES SPARKS SF Stephanie Talbot
13%
LOS ANGELES SPARKS PG Zia Cooke
13%
LOS ANGELES SPARKS PG Odyssey Sims
12%
WASHINGTON MYSTICS PG Shatori Walker-Kimbrough
12%
CHICAGO SKY COACH Teresa Weatherspoon
12%
ATLANTA DREAM SF Aerial Powers
10%
MINNESOTA LYNX SF Cecilia Zandalasini
10%
DALLAS WINGS COACH Greg Bibb
10%
SEATTLE STORM C Mercedes Russell
10%
CHICAGO SKY PG Moriah Jefferson
10%
WASHINGTON MYSTICS PF Sika Koné
10%
SEATTLE STORM SF Joyner Holmes
8%
PHOENIX MERCURY COACH Nate Tibbetts
8%
SEATTLE STORM COACH Noelle Quinn
8%
LAS VEGAS ACES PF Queen Egbo
8%
INDIANA FEVER SF Victaria Saxton
8%
LOS ANGELES SPARKS COACH Curt Miller
6%
NEW YORK LIBERTY PG Ivana Dojkic
6%
PHOENIX MERCURY SG Charisma Osborne
4%
LOS ANGELES SPARKS PG Crysal Dangerfield
4%
DALLAS WINGS SG Lou Lopez Sénéchal
4%
DALLAS WINGS SG Sevgi Uzun
4%
ATLANTA DREAM COACH Tanish Wright
4%
CONNECTICUT SUN C Astou Ndour-Fall
2%
WASHINGTON MYSTICS COACH Eric Thibault
2%
ATLANTA DREAM C Lorela Cubaj
2%
DALLAS WINGS C Stephanie Soares
2%
SEATTLE STORM SG Victoria Vivians
2%
PHOENIX MERCURY PG Amy Atwell
0%
ATLANTA DREAM SG Ezinne Kalu
0%
INDIANA FEVER COACH Lin Dunn
0%
PHOENIX MERCURY SF Mikiah Herbert Harringan
0%
MINNESOTA LYNX PG Olivia Époupa
0%
No matching quizzes found
Score Distribution
Percent of People with Each Score
Percentile by Number Answered
Your Score History
You have not taken this quiz since the last reset